Un olvidado asombro /
Kaydedildi:
| Yazar: | |
|---|---|
| Materyal Türü: | Kitap |
| Dil: | İspanyolca |
| Baskı/Yayın Bilgisi: |
Lima, Perú :
Fondo de Cultura Económica,
2014, c2014
|
| Seri Bilgileri: | (Tierra Firme)
|
| Konular: | |
| Etiketler: |
Etiket eklenmemiş, İlk siz ekleyin!
|
MARC
| LEADER | 00000nam^a2200000^a^4500 | ||
|---|---|---|---|
| 001 | 000370909 | ||
| 005 | 20250521000000.0 | ||
| 009 | 20260310115916.286 | ||
| 020 | |a 978-9972-663-81-9 | ||
| 037 | |a Acervo ITESO - Biblioteca | ||
| 041 | |a ESP | ||
| 082 | |a 863. |b GAR | ||
| 100 | |a García Falcón, Marco |e (autor) | ||
| 245 | 1 | 3 | |a Un olvidado asombro / |c M. García Falcón. |
| 264 | 4 | |a Lima, Perú : |b Fondo de Cultura Económica, |c 2014, c2014 | |
| 300 | |a 202 p. + |e 1 separador | ||
| 336 | |a texto |b txt |2 rdacontenido | ||
| 337 | |a sin mediación |b n |2 rdamedio | ||
| 338 | |a volumen |b nc |2 rdasoporte | ||
| 440 | 1 | |a (Tierra Firme) | |
| 649 | |a XX | ||
| 650 | |a Novela Peruana | ||
| 650 | |a Literatura Peruana - |y Siglo XXI | ||
| 910 | |a Fondo General | ||
| 920 | |a Impresos - Libros | ||
| 930 | |a Colección General | ||
| 940 | |a Literatura | ||
| 905 | |a 101 | ||
| 901 | |a 0500265114 |b IT1 |c LIT |i C149125 |u 20250521 | ||
| 901 | |a 0500265111 |b IT2 |c FOL |u 20250521 | ||
| 902 | |a https://opac.biblio.iteso.mx/vufind/Record/000370909 | ||